The Indian village community examined with reference to the physical, ethnographic and historical conditions of the provinces; chiefly on the basis of the revenue-settlement records and district manuals. (Record no. 1402)

000 -LEADER
fixed length control field nam a22 a 4500
005 - DATE AND TIME OF LATEST TRANSACTION
control field 20170509135807.0
008 - FIXED-LENGTH DATA ELEMENTS--GENERAL INFORMATION
fixed length control field 170509b1972 ii ||||| |||| 00| 0 eng d
040 ## - CATALOGING SOURCE
Original cataloging agency AKMAL
082 ## - DEWEY DECIMAL CLASSIFICATION NUMBER
Classification number 301.3 POW
090 ## - LOCALLY ASSIGNED LC-TYPE CALL NUMBER (OCLC); LOCAL CALL NUMBER (RLIN)
Classification number (OCLC) (R) ; Classification number, CALL (RLIN) (NR) 301.3
Local cutter number (OCLC) ; Book number/undivided call number, CALL (RLIN) POW
100 1# - MAIN ENTRY--PERSONAL NAME
Personal name Baden-Powell, B. H.
Dates associated with a name 1841-1901.
9 (RLIN) 2755
245 14 - TITLE STATEMENT
Title The Indian village community examined with reference to the physical, ethnographic and historical conditions of the provinces; chiefly on the basis of the revenue-settlement records and district manuals.
260 ## - PUBLICATION, DISTRIBUTION, ETC.
Place of publication, distribution, etc. London :
Name of publisher, distributor, etc. Longmans & Co.,
Date of publication, distribution, etc. 1896.
300 ## - PHYSICAL DESCRIPTION
Extent xvi, 456 p. ;
Dimensions 8º.
599 ## - LOCAL NOTE
Local Note DALAM PROSES
650 #0 - SUBJECT ADDED ENTRY--TOPICAL TERM
Topical term or geographic name entry element Villages
Geographic subdivision India.
9 (RLIN) 2756
852 41 - LOCATION
Location British Library
Sublocation or collection HMNTS
942 ## - ADDED ENTRY ELEMENTS (KOHA)
Source of classification or shelving scheme
Koha item type Book
Holdings
Withdrawn status Lost status Source of classification or shelving scheme Damaged status Not for loan Collection code Home library Current library Shelving location Date acquired Inventory number Total Checkouts Full call number Barcode Date last seen Price effective from Koha item type
          NON-FICTION AKMAL Melaka AKMAL Melaka PINJAMAN 09.05.2017 300253   301.3 POW 201702652 09.05.2017 09.05.2017 Book
Pusat Sumber Maklumat Dato' Haji Sarmin Md Hussin, Akademi Kastam Diraja Malaysia, Melaka
Tel: 06-2331106 | Faks: 06-2313787